Score 0/30 Timer 05:00
0 Plays Today
Country Monarch % Correct
SpainKing Juan Carlos I
75.9%
United Kingdom and other Commonwealth RealmsQueen Elizabeth II
75.9%
NetherlandsQueen Beatrix
69%
Vatican CityPope Benedict XVI
62.1%
AndorraCo-Prince Fran├žois Hollande
58.6%
MonacoPrince Albert II
58.6%
BelgiumKing Albert II
51.7%
DenmarkQueen Margrethe II
48.3%
JapanEmperor Akihito
48.3%
Saudi ArabiaKing Abdullah bin Abdul'aziz
48.3%
JordanKing Abdullah II
41.4%
LuxembourgGrand Duke Henri
37.9%
NorwayKing Harald V
37.9%
LiechtensteinPrince Hans-Adam II
34.5%
SwedenKing Carl XVI Gustaf
31%
Country Monarch % Correct
BhutanKing Jigme Khesar Namgyel Wangchuck
27.6%
ThailandKing Bhumibol Adulyadej
27.6%
MoroccoKing Mohammed VI
20.7%
SwazilandKing Mswati III
17.2%
CambodiaKing Norodom Sihamoni
13.8%
LesothoKing Letsie III
13.8%
AndorraCo-Prince Joan Enric Vives Sicilia
10.3%
BahrainKing Hamad ibn Isa
10.3%
BruneiSultan Hassanal Bolkiah
10.3%
OmanSultan Qaboos bin Said
10.3%
TongaKing Tupou VI
10.3%
KuwaitEmir Sabah al-Ahmad
6.9%
United Arab EmiratesPresident Khalifa bin Zayed
6.9%
QatarEmir Hamad bin Khalifa
3.4%
MalaysiaKing Abdul Halim
0%
Remove Ads.
Support Sporcle.
Get the best of Sporcle when you Go Orange. This ad-free experience offers more features, more stats, and more fun while also helping to support Sporcle. Thank you for becoming a member.

You're not logged in!

Compare scores with friends on all Sporcle quizzes.
OR
Log In

Show Comments

Extras

Top Quizzes Today


Score Distribution

Your Account Isn't Verified!

In order to create a playlist on Sporcle, you need to verify the email address you used during registration. Go to your Sporcle Settings to finish the process.

Report this User

Report this user for behavior that violates our Community Guidelines.

Details: